| 000 | 00353nam a22001337a 4500 | ||
|---|---|---|---|
| 082 |
_a692.5 _bAZI _cL-14, P-141 |
||
| 100 |
_aM.A. Aziz _946210 |
||
| 245 | _aA text book of Estimating and costing. | ||
| 260 |
_aLahore _bSajid book depot |
||
| 300 |
_a220 p. _bill. |
||
| 526 |
_a0 _b0 _c0 _d692_500000000000000_AZI |
||
| 650 |
_aMCE _9379 |
||
| 942 |
_2ddc _cBK |
||
| 999 |
_c549559 _d549559 |
||